000 00942nam a22002537a 4500
005 20150421111217.0
010 _aBAC-EN21 ENG-111694
020 _a9789350354445
_c215.00
020 _a9789350354933
_c215.00
035 _aEN-95226
035 _aB-593569-594
037 _bUBH/Ven
_adpl
037 _bDBAD/PUB
082 _a348.54
245 _aUniversal's landmark judgments :
_bcovering more than 90 leading cases of India including prescribed cases for Supreme Court advocates -on- record examination
250 _a8th ed
260 _aDelhi
_bUniversal Law Publishing
_c2014
270 _aA-58, G.T. Karnal Road Industrial Area,
_bDelhi
_e110033
300 _axvii,196p.
_c24cm(pbk)
500 _aIncludes indexes
500 _aSupply received revised price Rs. 225.00
942 _2ddc
_cEN
_mUNI
_h348.54
999 _c89335
_d89335